| 000 | 00730nam a2200205Ia 4500 | ||
|---|---|---|---|
| 003 | GCL | ||
| 008 | 140319s9999 xx 000 0 ara d | ||
| 040 |
_aGCL / _cGCL |
||
| 082 | 0 | 4 |
_a027.544 _bا م |
| 100 | 1 | _aامنية مصطفى صادق | |
| 245 | 1 | 0 |
_aالمكتبات فى فرنسا وادارة خدمات المعلومات / _cامنية مصطفى صادق |
| 300 | _a119 ص | ||
| 490 |
_aالهيئة العامة للاستعلامات _v0 |
||
| 650 | 0 | 4 | _aخدمات المعلومات |
| 650 | 0 | 4 | _aالمكتبات - فرنسا |
| 650 | 0 | 4 | _aالمكتبات العامة - فرنسا |
| 650 | 0 | 4 | _aالمكتبات - تخطيط |
| 650 | 0 | 4 | _aالمكتبات القومية - فرنسا |
| 942 |
_2ddc _cBK |
||
| 999 |
_c47963 _d47963 |
||